000 00373cam a22001097a 4500
008 180718b2000 xxu||||| |||| 00| 0 eng d
100 _aJack, William
245 _aHealth insurance reform in four Latin American countries: theory and practice
_cby William Jack
260 _aWashington, D.C.
_bWorld Bank
_c2000
300 _a49p.
440 _aPolicy research working paper 2492
999 _c285031
_d285031